000 00558nam a2200241 a 4500
001 nice12345678
003 IN_TiNIC
005 20260116011632.0
008 050524s1948 lona grp 000 0 eng
020 _a
_c100
082 0 0 _a133
_bROG
100 _aRogers, Clement F
245 _aAstrology and Prediction.
260 _aLondon
_bScm Press
_c1948
300 _a94p
500 _aincludes index and biblioraphy
505 2 _aIndex
650 _aOccultism
700 1 _aRogers, Clement F
902 _bSRS
942 _cBK
999 _c3022
_d3022